Ethics theory & business practice/
Saved in:
| Hovedforfatter: | |
|---|---|
| Format: | Bog |
| Sprog: | engelsk |
| Udgivet: |
SAGE
2015
|
| Tags: |
Tilføj Tag
Ingen Tags, Vær først til at tagge denne postø!
|
MARC
| LEADER | 00000nam a22000007a 4500 | ||
|---|---|---|---|
| 008 | 210819b ||||| |||| 00| 0 eng d | ||
| 020 | |a ISBN: 978-1-4462-7415-6 | ||
| 100 | |a FRYER, Mick. | ||
| 245 | |a Ethics theory & business practice/ |c Mick Fryer.- |g ix, 458p | ||
| 260 | |b SAGE |c 2015 |h Los Angeles |i 693381 – ADM. |i 693382 |l HF5387 .F94 |m 1. Business ethics |m I. Title. | ||
| 500 | |a “It includes index and references” | ||
| 942 | |a lcc |c BK |e j. o. ifatola |f 19/ 08/ 2021 | ||
| 952 | |0 0 |1 0 |2 lcc |4 0 |6 HF5387 F94 |7 0 |9 3149 |a MPL |b HOL |c GJ |d 2021-08-19 |l 0 |o HF5387 .F94 |p 2021-66847 |r 2021-08-19 00:00:00 |w 2021-08-19 |y BK | ||
| 952 | |0 0 |1 0 |2 lcc |4 0 |6 HF5387 F94 |7 0 |9 3150 |a MPL |b HOL |c GJ |d 2021-08-19 |l 0 |o HF5387 .F94 |p 2021-66848 |r 2021-08-19 00:00:00 |w 2021-08-19 |y BK | ||
| 999 | |c 1593 |d 1593 | ||